Rekonštituovaný model 3D rohovky pre štúdium fototoxicity vybraných liečiv a zdravotníckych pomôcok

Gespeichert in:
Bibliographische Detailangaben
1. Verfasser: Pôbiš, Peter (Verfasst von)
Weitere Verfasser: Kanďárová, Helena (Betreuung Doktorarbeit)
Format: Manuskript Buch
Sprache:Slowakisch
Veröffentlicht: 2021
Schlagworte:
Online-Zugang:http://is.stuba.sk/zp/portal_zp.pl?podrobnosti=157542
Tags: Tag hinzufügen
Keine Tags, Fügen Sie das erste Tag hinzu!

MARC

LEADER 00000ntm a22000003a 4500
001 stuzp84858
003 SK-STU
005 20210605211025.5
007 ta
008 150427s2015----xo-----f-mn---000-0-slo-d
040 |a STU  |b slo 
041 0 |a slo 
100 1 |a Pôbiš, Peter  |u 043000  |4 aut  |U FCHPT Fakulta chemickej a potravinárskej technológie  |T FCHPT Ústav biochémie a mikrobiológie  |X 88498  |U C3000  |Y 101  |7 88498 
242 0 1 |a Use of reconstructed 3D cornea-like tissue model in the phototoxicity studies of selected drugs and medical devices  |y eng 
245 1 0 |a Rekonštituovaný model 3D rohovky pre štúdium fototoxicity vybraných liečiv a zdravotníckych pomôcok 
260 |c 2021 
650 4 |a podráždenie očí  |2 slo 
650 4 |a zdravotnícke pomôcky  |2 slo 
650 4 |a EpiOcular  |2 slo 
650 4 |a farmaceutiká  |2 slo 
650 4 |a fototoxicita  |2 slo 
650 4 |a phototoxicity  |2 eng 
650 4 |a eye irritation  |2 eng 
650 4 |a EpiOcular  |2 eng 
650 4 |a medical devices  |2 eng 
650 4 |a pharmaceuticals  |2 eng 
700 1 |a Kanďárová, Helena  |u 043000  |k Z1  |4 ths  |U FCHPT Fakulta chemickej a potravinárskej technológie  |T FCHPT Ústav biochémie a mikrobiológie  |X 108539  |U C3000  |Y 101  |7 108539 
856 4 |u http://is.stuba.sk/zp/portal_zp.pl?podrobnosti=157542